| 000 | 00866nam a2200277Ia 4500 | ||
|---|---|---|---|
| 003 | OSt | ||
| 005 | 20220925232141.0 | ||
| 006 | a|||||r|||| 00| 0 | ||
| 007 | ta | ||
| 008 | 220923b |||||||| |||| 00| 0 eng d | ||
| 020 |
_a0817638075 _c4994.25 |
||
| 037 |
_b3236, 07/03/2008, RAJKIRAN BOOK AGENCY _cGeneral Book |
||
| 040 |
_aRTL _cRTL _beng |
||
| 041 |
_2eng _aeng |
||
| 082 | _aB281, N7 | ||
| 100 |
_aFRISTEDT Bert _9296773 |
||
| 245 | 0 | _aModern approach to probability theory | |
| 260 |
_aMinneapolis _bBert Fristedt _c1997 |
||
| 300 |
_axx, 756p _ccm. |
||
| 490 | _aProbability and its application | ||
| 500 | _aAppendix : P687-736 | ||
| 650 | _aEconomics | ||
| 700 |
_a GRAY Lawrence _9296774 |
||
| 942 |
_hB281, N7 _cGB _2CC |
||
| 999 |
_c590453 _d590453 |
||